Statistics for Hi Ren - Ren --- Lyric Quiz

Click here to take the quiz!

General Stats

  • This quiz has been taken 9 times
  • The average score is 1081 of 1317

Answer Stats

Answer% Correct
B
100%
blank
100%
can
100%
canvas
100%
pendulum
100%
a
83%
A
83%
about
83%
acknowledging
83%
actually
83%
all
83%
All
83%
also,
83%
always
83%
am
83%
amputate
83%
an
83%
And
83%
and
83%
angels,
83%
another
83%
are
83%
aren't
83%
as
83%
As
83%
at
83%
autoimmunity
83%
back,
83%
back
83%
banished
83%
battle
83%
be
83%
beat
83%
become
83%
Been
83%
been
83%
before
83%
beginning
83%
behind
83%
being
83%
beings
83%
belong
83%
beneath
83%
beside
83%
big
83%
biting
83%
bits
83%
blender,
83%
bonus”
83%
boy
83%
boy,
83%
break
83%
bro,
83%
broken
83%
buried
83%
but,
83%
But
83%
by
83%
'cause
83%
‘Cause
83%
'Cause
83%
causes
83%
chaos,
83%
chased
83%
chill
83%
choose
83%
civilian
83%
clumsy
83%
coin
83%
come
83%
commercial
83%
complex
83%
concern
83%
connecting
83%
consequences...
83%
coping
83%
created
83%
creation,
83%
creative
83%
criminal
83%
cursed
83%
dance,
83%
dance
83%
dark
83%
David
83%
deal,
83%
death,
83%
decision
83%
Deep
83%
deep
83%
Delusional
83%
demons,
83%
did
83%
didn't
83%
die
83%
different
83%
dinner,
83%
distant,
83%
division
83%
do
83%
doctors
83%
doing
83%
done
83%
don't
83%
down,
83%
down
83%
downplay
83%
drown
83%
dumb
83%
easier
83%
east,
83%
Eden,
83%
Eminem
83%
empty
83%
ends
83%
enough,
83%
eternal
83%
eternal,
83%
Eternally
83%
even
83%
every
83%
eye
83%
falling
83%
feeble,
83%
feeds
83%
feel
83%
feet
83%
find
83%
fine
83%
fire,
83%
flames
83%
flash
83%
floor
83%
Follow
83%
footsteps,
83%
for
83%
Forget
83%
forget,
83%
fourth
83%
from
83%
Fuck
83%
Fucking
83%
fucking
83%
genius
83%
genius!
83%
go
83%
god
83%
gods
83%
Goliath,
83%
gone,
83%
gone!
83%
got
83%
Grammy's
83%
great
83%
great,
83%
guide
83%
guitar?
83%
guy!
83%
half
83%
hand,
83%
hand
83%
has
83%
hate
83%
have
83%
haven't
83%
having
83%
He
83%
hear
83%
heard
83%
help
83%
Hendrix?
83%
here
83%
Hi
83%
his
83%
His
83%
hit?
83%
hooks
83%
hope
83%
how
83%
human
83%
I,
83%
I
83%
if
83%
ill
83%
I'll
83%
illness,
83%
I'm
83%
I’m
83%
I'ma
83%
I'mma
83%
immortal
83%
in
83%
insane
83%
inside
83%
instead
83%
interview
83%
into
83%
is
83%
it
83%
it,
83%
it!
83%
It
83%
it's
83%
It's
83%
I've
83%
I’ve
83%
Jimi
83%
Just
83%
just
83%
kill
83%
kinda
83%
know
83%
lately,
83%
leaks
83%
learned
83%
learnt
83%
left
83%
leftover
83%
Let
83%
lied
83%
lies,
83%
life
83%
light
83%
like
83%
little
83%
live
83%
lock
83%
losers
83%
lucky,
83%
lungs
83%
made
83%
make
83%
making
83%
Man
83%
man
83%
man,
83%
Man,
83%
many
83%
mate,
83%
material
83%
maybe
83%
me,
83%
me
83%
me?
83%
met
83%
might
83%
million
83%
mind
83%
miss
83%
more
83%
mortal,
83%
much,
83%
much
83%
music
83%
music?
83%
music's
83%
must
83%
my
83%
My
83%
myself
83%
myself,
83%
Nah,
83%
name,
83%
names
83%
need
83%
needed
83%
never
83%
new
83%
News
83%
next
83%
No
83%
no
83%
No,
83%
noise
83%
noose
83%
normal
83%
Not
83%
not
83%
not,
83%
Nowhere!
83%
numbers,
83%
ocean
83%
of
83%
off
83%
Oh,
83%
Okay,
83%
old,
83%
older,
83%
older
83%
on
83%
once
83%
one,
83%
one
83%
Oprah?
83%
or
83%
original,
83%
other
83%
out
83%
own
83%
part
83%
people
83%
people's
83%
perfect
83%
periphery
83%
pill,
83%
place
83%
plan
83%
Plan
83%
play
83%
Played
83%
pleased
83%
pretender
83%
previous
83%
problems
83%
process
83%
program,
83%
progress
83%
prosper?
83%
psychological
83%
psychosis
83%
radio,
83%
real
83%
realized
83%
really
83%
reason
83%
rejoice!
83%
relate
83%
remembered,
83%
Ren
83%
Ren!
83%
Ren?
83%
Ren,
83%
respect
83%
retire,
83%
right,
83%
rise
83%
Risky
83%
room,
83%
say
83%
sea
83%
seashells
83%
see
83%
see:
83%
seems
83%
self
83%
sells
83%
settle
83%
seventeen
83%
shake
83%
"She
83%
sheep,
83%
shepherd,
83%
shone,
83%
shore"
83%
should
83%
shouted
83%
side
83%
sides
83%
sin,
83%
since
83%
sing
83%
skills
83%
snake
83%
so
83%
So
83%
solar
83%
some
83%
Some
83%
something
83%
song:
83%
song
83%
soon
83%
sound
83%
speak
83%
special
83%
split
83%
spoke,
83%
stand
83%
starts
83%
statistics
83%
stats
83%
step
83%
still
83%
stood
83%
storm
83%
stroke
83%
struggled
83%
students
83%
subconscious,
83%
suffer,
83%
suffered
83%
sure
83%
surrender
83%
take
83%
taking
83%
talk,
83%
temptation
83%
ten
83%
than
83%
that
83%
that?
83%
That
83%
that,
83%
that's
83%
That's
83%
the
83%
The
83%
then!
83%
then
83%
therapist
83%
there
83%
there,
83%
they
83%
thing
83%
things
83%
think
83%
this
83%
those
83%
thought
83%
through
83%
tide
83%
time
83%
times,
83%
To
83%
to
83%
today
83%
told
83%
too,
83%
top
83%
treason
83%
trust
83%
truth!
83%
Truth
83%
twat!
83%
twisted,
83%
two
83%
two,
83%
up
83%
us
83%
versus
83%
victims
83%
voice
83%
wall
83%
wanna
83%
wants
83%
warfare
83%
was
83%
wasn’t
83%
waves
83%
We
83%
we
83%
weeks
83%
Well,
83%
were
83%
we’re
83%
we've
83%
when
83%
When
83%
Where
83%
Where's
83%
while,
83%
white
83%
who
83%
why
83%
will
83%
win,
83%
winners
83%
with
83%
With
83%
within
83%
won't
83%
world
83%
would
83%
write
83%
wrong,
83%
Yeah,
83%
years
83%
You
83%
you!
83%
you,
83%
you?
83%
you
83%
you’d
83%
your
83%
Your
83%
you're
83%
You’re
83%
yourself,
83%
yourself
83%
you've
83%
Antichrist
67%
avenger,
67%
beast,
67%
became,
67%
Beheading
67%
bow
67%
brain
67%
call
67%
cast
67%
catalysed
67%
centered
67%
cremated
67%
darker
67%
dawn
67%
deceitful
67%
defeat
67%
doubt
67%
dry
67%
eclipse
67%
evil
67%
expectations,
67%
face
67%
Face
67%
Father
67%
flinch
67%
forces
67%
front
67%
get
67%
gives
67%
harder
67%
inspire
67%
intensely
67%
kings,
67%
knots
67%
lead
67%
Let's
67%
life's
67%
lips,
67%
loosen
67%
Lucifer,
67%
makes
67%
manage
67%
neglected,
67%
night
67%
persistent,
67%
Perspective,
67%
pinnacle
67%
pretentious!
67%
prove
67%
provide
67%
purpose
67%
refreshing
67%
relax,
67%
rest
67%
rhyme
67%
rigid
67%
rip
67%
rope
67%
runs
67%
scraps
67%
separates
67%
shadow
67%
shots,
67%
shots
67%
sits
67%
spent
67%
stealing
67%
stitched
67%
strong
67%
success
67%
survives
67%
swaying
67%
tested
67%
thriving?
67%
tie
67%
tough
67%
turning,
67%
“Ugh,
67%
watch
67%
whole
67%
cower
50%
Ferocious,
50%
meek
50%
morning,
50%
rainfall
50%
Remind
50%
righteous
50%
standing
50%
Sun
50%
artist,
33%
Mestophales
17%

Score Distribution

Percentile by Number Answered

Percent of People with Each Score

Your Score History

You have not taken this quiz